000 00491nam a2200169Ia 4500
008 230718s9999 xx 000 0 und d
020 _a9780670086535
041 _aeng
082 _a658.4'08
_bSUK
100 _aSukhdev P.
_9194197
245 _aCorporation 2020
_bTransforming Business For Tomorrow's World
260 _c2012
_bPortfolio/Penguin
300 _a275
365 _cRs.
_b699.00
700 _aSukhdev P.
_9194197
906 _dO:0321904-Feb-2013B:234216-Jan-2013
_cMGMT
_b153.78
999 _c331846
_d331846